NATOフォネティックコード - Statistics

General Stats
  • This quiz has been taken 37 times
  • The average score is 15 of 26
Answer Stats
呼び方 % Correct
A アルファ
100%
D デルタ
83%
B ブラボー
79%
C チャーリー
79%
X エクスレイ
66%
I インディア
62%
H ホテル
59%
Y ヤンキー
59%
E エコー
55%
F フォックストロット
55%
K キロ
55%
P パパ
55%
R ロミオ
55%
T タンゴ
55%
Z ズールー
55%
J ジュリエット
52%
N ノーベンバー
48%
Q ケベック
48%
V ヴィクター
48%
G ゴルフ
45%
L リマ
45%
S シエラ
45%
W ウィスキー
45%
M マイク
41%
O オスカー
41%
U ユニフォーム
41%
No matching quizzes found
Score Distribution
Percent of People with Each Score
Percentile by Number Answered
Your Score History
You have not taken this quiz